Quiz sur le violon - Statistiques

Statistiques générales
  • Ce quiz a été pris 86 fois
  • Le résultat moyen est 11 sur 15
Statistiques - réponses
Hint Réponse % Correct
Le compositeur des Quatre Saisons Antonio Vivaldi
96%
Il fabrique, vend/loue et répare des violons Luthier
96%
Le pays où a été créé le violon Italie
90%
Technique utilisée lorsque l'on pince les cordes Pizzicato
90%
Note produite par un 2e doigt bécarre sur la corde de La en 3e position Mi
87%
Les notes produites par les 4 cordes à vide Sol Ré La Mi
86%
Le nom de la résine que l'on applique sur l'archet Colophane
84%
La partie du violon où les violonistes posent leur menton Mentonnière
73%
Grand fabricant de violon italien ayant vécu au XVIIe siècle Stradivarius
69%
À quelle famille appartient le violon Cordes frottées
66%
Technique utilisée pour faire vibrer les cordes Vibrato
64%
Siècle de création du violon XVIe
64%
Les trous par lesquels le son sort du violon Ouïes
44%
Utilisées pour accorder le violon Chevilles
37%
Matériau utilisé pour faire les cordes de violon Catgut
4%
Aucun quiz correspondant
Distribution des résultats
% des personnes avec chaque résultat
Percentile par nombre de réponses
Votre historique - résultats
Vous n’avez pas pris ce quiz